000 nam a22 7a 4500
999 _c7789
_d7789
008 171012b xxu||||| |||| 00| 0 eng d
100 _aEkta
_94267
245 _aSimplified Chemistry
260 _aNew Delhi
_bRohit Publication
_c2017